000 00551nam a2200181Ia 4500
003 GCL
008 140319s9999 xx 000 0 ara d
040 _aGCL /
_cGCL
082 0 4 _aد
_b050
100 1 _aعبدالمنعم شميس
245 1 0 _aشخصيات فى حياة شوقى ( اقرا 450 ) /
_cعبدالمنعم شميس
300 _a202 ص
490 _aوثائق ونصوص
_v0
650 0 4 _aاحمد شوقى
650 0 4 _aالرجال - تراجم
650 0 4 _aالشعر العربى - العصر الحديث
942 _2ddc
_cCF
999 _c27184
_d27184